000 00632nam a2200253Ia 4500
003 OSt
005 20221006143414.0
006 a|||||r|||| 00| 0
007 ta
008 221006b |||||||| |||| 00| 0 eng d
020 _c30.00
024 _a8,868
037 _cTextual
040 _aEASL
_cEASL
_beng
041 _2eng
_aeng
082 _aX.1XN.N5, K5
100 _aIngram David
245 0 _aCommunist economic challenge
260 _aLondon
_bGeorge Allen & Unwin
_c1965
300 _a168p.
_ccm.
490 _v Oth
942 _hX.1XN.N5, K5
_cTEXL
_2CC
999 _c1076954
_d1076954